Japanese technical requirements for new drug registration 1997 : with relevant Japanese and ICH guidelines collected in appendix
Gespeichert in:
| Format: | Buch |
|---|---|
| Sprache: | Undetermined |
| Veröffentlicht: |
Tokyo
Yakuji Nippo
1997
|
| Schlagworte: | |
| Tags: |
Tag hinzufügen
Keine Tags, Fügen Sie den ersten Tag hinzu!
|
| Thư viện lưu trữ: | Trung tâm Học liệu Trường Đại học Cần Thơ |
|---|
| LEADER | 00612nam a2200181Ia 4500 | ||
|---|---|---|---|
| 001 | CTU_127231 | ||
| 008 | 210402s9999 xx 000 0 und d | ||
| 082 | |a 615.1 | ||
| 082 | |b J11 | ||
| 245 | 0 | |a Japanese technical requirements for new drug registration 1997 : | |
| 245 | 0 | |b with relevant Japanese and ICH guidelines collected in appendix | |
| 245 | 0 | |c Editorial supervision by Pharmaceuticals and cosmetics division | |
| 260 | |a Tokyo | ||
| 260 | |b Yakuji Nippo | ||
| 260 | |c 1997 | ||
| 650 | |a Pharmacology,Drug registration | ||
| 904 | |i Hiếu | ||
| 980 | |a Trung tâm Học liệu Trường Đại học Cần Thơ | ||